000 00626nas a2200217 4500
001 BR9503287
003 BR-BrBNA
005 20231205094413.0
007 ta
008 230509b bl.|||p| |||| 00| 00por d
040 _aBR-BrBNA
_bpor
_cBiblioteca Nacional de Agricultura
041 _a(Pt)
072 _aL01
100 1 _aAvila, V.S. de
245 1 _aPrograma de muda forcada para poedeiras comerciais
650 _aGalinha para Postura
650 _aPena
773 0 _tRevista dos Criadores (Brazil)
_x
_g(Sep 1994), v. 64(776) p. 68-69
_wBR9503287
909 _a202311
_bLúcia
_c55
_dLúcia Elande
942 _2AGRIS
_n0
_cANA
999 _c144075
_d144075